Depozitné certifikáty Príloha

Hlavná funkcia kapitálového trhu. Rozšírená forma získavania primárnych zdrojov bánk - emitovanie depozitných certifikátov. Charakteristika depozitného certifikátu. Proces vydávania depozitných certifikátov. Listinná podoba a náležitosti certifikátu. Povolenie emisie. Stanovenie úrokového výnosu.

Guardado en:
Detalles Bibliográficos
Autor principal: Kšinský, J.
Formato: Capítulo de libro
Lenguaje:eslovaco
Materias:
Etiquetas: Agregar Etiqueta
Sin Etiquetas, Sea el primero en etiquetar este registro!

MARC

LEADER 00000naa a2200000 4500
001 r028031
005 20251104124448.3
041 0 |a slo 
044 |a SK 
245 1 0 |a Depozitné certifikáty  |b Príloha  |c J. Kšinský 
520 |a Hlavná funkcia kapitálového trhu. Rozšírená forma získavania primárnych zdrojov bánk - emitovanie depozitných certifikátov. Charakteristika depozitného certifikátu. Proces vydávania depozitných certifikátov. Listinná podoba a náležitosti certifikátu. Povolenie emisie. Stanovenie úrokového výnosu. 
610 2 0 |a trh kapitálový 
610 2 0 |a certifikáty depozitné 
610 2 0 |a výnosy 
610 2 0 |a emisia 
100 1 |a Kšinský, J.